000 00643nam a2200169 4500
001 115982
003 ES-MaACL
005 20230906190616.0
007 t|
008 061121s1927 sp r ||||1| spa d
100 1 _aOrtiz Picón, Juan Manuel.
_987637
245 1 0 _aSobre la probable significación de ciertas granulaciones argentófilas existentes en las células glandulares prostáticas /
_cJuan Manuel Ortiz Picón.
260 _aMadrid :
_b[s.n.],
_c1927 (
_fImp. Ministerio de Marina)
300 _a7 p. :
_bil. ;
_c24 cm.
500 _aEs tirada aparte de `Revista Española de Cirugía y Urología`.
852 _aES-MaACL
_j1708-F-23
999 _c115982
_d115982